| 000 | 00672nam a2200229Ia 4500 | ||
|---|---|---|---|
| 003 | OSt | ||
| 005 | 20221007074204.0 | ||
| 006 | a|||||r|||| 00| 0 | ||
| 007 | ta | ||
| 008 | 221006b |||||||| |||| 00| 0 eng d | ||
| 024 | _a30,052 | ||
| 037 | _cReports / Technical Reports | ||
| 040 |
_aFLL _cFLL _beng |
||
| 041 |
_2eng _aeng |
||
| 082 | _aY:5:Z5, L7 | ||
| 100 |
_aMaggs Peter B. _9689834 |
||
| 245 | 0 | _aLaw and population in Eastern Europe | |
| 260 |
_aMedford _bThe Fletcher School of Law and Diplomacy Massachusetts _c1977 |
||
| 300 |
_a31p _ccm. |
||
| 942 |
_hY:5:Z5, L7 _cREP _2CC |
||
| 999 |
_c1151477 _d1151477 |
||